| 000 | 01635nam a2200205Ia 4500 | ||
|---|---|---|---|
| 003 | SEM | ||
| 005 | 20241010103639.0 | ||
| 008 | 141116s1700 pl ||||gr||||||01|||arm|d | ||
| 040 |
_aSEM _cSEM |
||
| 041 | 0 | _aarm | |
| 245 | _aԱստուածաշունչ ։ Նոր Կտակարան ։ Բ - Գործք Առաքելոց. Թուղթք Երանելոյն Պօղոսի Առաքելոյ ։ Թուղթք Կաթուղիկեայց: Տեսիլք Յօհաննու / | ||
| 260 |
_aՅամստէլրօդամ ։ _a[Ամստերդամ] ։ _bտպ. Թովմաս Վանանդեցու, _c1698-1700. |
||
| 300 |
_a537 էջ ; _bնկ․ ; _cՇարվ. չափը շրջանակով՝ 11,2X6,1 սմ _c14 սմ |
||
| 500 | _a432, 1 չհ, 537 (=970) գծափակ էջ։ Տասներկուծալ, մամուլանիշերը հայատառ և արաբական թվանշաններով։ Շարվ. չափը շրջանակով՝ 11.2x6.1 սմ։ Էջախորագրերով և լուսանցանիշերով։ Տիտղթ. գծափակ։ 15 փորագիր պատկեր, 132-րդ էջի պատկերի վրա փորագրողի՝ Քրիստոֆել վան Զիխեմի անվանատառերը։ Գլխազարդեր և վերջազարդեր։ Բնագիրը 8 կետաչափի բոլորագրով, օգտագործված են նաև նոտրգիր և գլխագրեր։ | ||
| 650 |
_aԱստվածաշունչ _xՆոր Կտակարան |
||
| 650 |
_aՆոր Կտակարան _xԳործք առաքելոց |
||
| 653 | _aՍԷՄ | ||
| 856 |
_uhttp://greenstone.flib.sci.am/gsdl/collect/armenian/Books/nor_ktakaran_index.html _yԿարդալ առցանց |
||
| 942 |
_2ddc _cBK |
||
| 999 |
_c52707 _d52707 |
||